Вып. 41; Динамика и прочность машин

Dettagli Bibliografici
Parent link:Динамика и прочность машин: республиканский межведомственный научно-технический сборник/ Харьковский политехнический институт (ХПИ). Вып. 41.— , 1965-
Altri autori: Богомолов С. И. (редактор)
Lingua:russo
Pubblicazione: 1984
Soggetti:
Natura: Libro
KOHA link:https://koha.lib.tpu.ru/cgi-bin/koha/opac-detail.pl?biblionumber=286892

MARC

LEADER 00000nam2a2200000 4500
001 286892
005 20231101235933.0
035 |a (RuTPU)RU\TPU\book\311247 
035 |a RU\TPU\book\309446 
035 |a RU\TPU\book\269250 
090 |a 286892 
100 |a 20150311d1986 k y0rusy50 ca 
101 0 |a rus 
102 |a UA 
105 |a a z 001zy 
200 0 |a Вып. 41  |f отв. ред. С. И. Богомолов 
210 |d 1984 
215 |a 122 с.  |c ил. 
320 |a Библиогр. в конце ст. 
461 1 |0 (RuTPU)RU\TPU\book\160090  |t Динамика и прочность машин  |o республиканский межведомственный научно-технический сборник  |f Харьковский политехнический институт (ХПИ)  |v Вып. 41  |d 1965-  
606 1 |a Машины  |x Динамика  |2 stltpush  |3 (RuTPU)RU\TPU\subj\41691  |9 61477 
606 1 |a Машиностроительные конструкции  |x Усталостная прочность  |2 stltpush  |3 (RuTPU)RU\TPU\subj\41656  |9 61443 
610 1 |a аппараты 
610 1 |a прочность 
610 1 |a надежность 
610 1 |a долговечность 
610 1 |a оптимальное проектирование 
610 1 |a динамические расчеты 
610 1 |a математические модели 
610 1 |a теория упругости 
610 1 |a деформация 
610 1 |a твердое тело 
610 1 |a волны 
610 1 |a дифракция 
675 |a 621.01:531.3  |v 4 
675 |a 621.01:539.4  |v 4 
702 1 |a Богомолов  |b С. И.  |4 340 
801 1 |a RU  |b 63413507  |c 20120124 
801 2 |a RU  |b 63413507  |c 20170629  |g RCR 
942 |c BK